Rehabilitation process in individuals after injuries of the brachial plexus

Bibliographic Details
Main Authors: Stryla, W. (Author), Kubacki, J. (Author)
Format: Article
Language:Slovak
English
PhysicalDescription:Tab.
ISSN:1210-0366
Subjects:

MARC

LEADER 00000nab a2200000 a 4500
001 vtls000661084
003 SK-MaSNL
005 20260304084828.0
008 250425c1998 xo 0 slo
015 |a SNBRB1998/05-13027 
035 |a CLN000013274 
035 |a urn:nbn:sk:snk-ab7axf 
035 |a (uuid)58fc73be-4f2f-48aa-b916-b68902e82ac6 
035 |a (urnnbn)urn:nbn:sk:snk:ar-a07e8w 
035 |a (sysno)vtls000661084 
040 |a SNKBUCL  |b slo  |c SNKBUCL  |e AACR2 
041 0 |a eng  |b slo 
044 |a xo  |c SK 
080 |a 616.833.34:615.8  |2 1997 
080 |a 615.8  |2 1997 
100 1 |a Stryla, W.  |4 aut  |9 1115309 
245 1 0 |a Rehabilitation process in individuals after injuries of the brachial plexus  |c W. Stryla, J. Kubacki 
300 |b Tab. 
504 |a Res. slov. Bibliogr. odkazy 
650 0 7 |a plexus brachialis  |2 snkbucl  |9 543098 
650 0 7 |a liečebná rehabilitácia  |2 snkbucl  |9 3306 
655 7 |a články z novín a časopisov  |2 snkbucl  |9 267496 
700 1 |a Kubacki, J.  |4 aut  |9 1377600 
773 0 |t Eurorehab  |g Roč. 8, č. 1 (1998), s. 7-12  |x 1210-0366 
850 |a Slovenská národná knižnica 
852 |a Slovenská národná knižnica 
954 |a odborná, vedecká literatúra cudzojazyčná (svetová)  |2 lita 
958 |a article27 
958 |a NB 
958 |a OND 
958 |a EUIPO 
992 |a RBX 
999 |c 2805313  |d 2807243